01178nam a2200325 a 4500001001200000003000800012006001900020007001500039008004100054020001800095020001800113020002700131040002100158035002100179050002400200100001800224245007800242260003800320300001100358490003400369504004100403533015200444650001200596650001900608655002900627710001700656830003600673856012600709999001700835ebr10728644CaPaEBRm o u cr cn|||||||||130709s2013 gw sb 000 0 eng d z9783868381894 z9783110327441 z9783110327816 (e-book) aCaPaEBRcCaPaEBR a(OCoLC)85456879514aBJ1012b.M49 2013eb1 aMeylan, Anne.10aFoundations of an ethics of beliefh[electronic resource] /cAnne Meylan. aFrankfurt :bOntos Verlag,c2013. a218 p.1 aPractical philosophy ;vv. 15 aIncludes bibliographical references. aElectronic reproduction.bPalo Alto, Calif. :cebrary,d2013.nAvailable via World Wide Web.nAccess may be limited to ebrary affiliated libraries. 0aEthics. 0aSocial ethics. 7aElectronic books.2local2 aebrary, Inc. 0aPractical philosophy ;vBd. 15.40uhttp://site.ebrary.com/lib/rucke/Doc?id=10728644zAn electronic book accessible through the World Wide Web; click to view c37260d37260